<?xml version="1.0" encoding="utf-8"?>
<?xml-stylesheet type='text/xsl' href='./oai2.xsl'?>
<OAI-PMH xmlns="http://www.openarchives.org/OAI/2.0/" xmlns:xsi="http://www.w3.org/2001/XMLSchema-instance" xsi:schemaLocation="http://www.openarchives.org/OAI/2.0/ http://www.openarchives.org/OAI/2.0/OAI-PMH.xsd">
  <responseDate>2026-06-05T21:53:27Z</responseDate>
  <request verb="GetRecord" metadataPrefix="marcxml" identifier="record_kuniweb_160124">https://kulturerbe.niedersachsen.de/oai</request>
  <GetRecord>
    <record>
      <header>
        <identifier>record_kuniweb_160124</identifier>
        <datestamp>2025-08-28T09:38:22Z</datestamp>
        <setSpec>slg0138</setSpec>
      </header>
      <metadata>
        <marc:record xmlns:marc="http://www.loc.gov/MARC21/slim" xsi:schemaLocation="http://www.loc.gov/MARC21/slim http://www.loc.gov/standards/marcxml/schema/MARC21slim.xsd">
          <marc:leader>12345nkm  22     uu 4500</marc:leader>
          <marc:controlfield tag="001">160124</marc:controlfield>
          <marc:controlfield tag="003">http://kuniweb.gbv.de</marc:controlfield>
          <marc:controlfield tag="005">2019-10-20T18:39:20</marc:controlfield>
          <marc:controlfield tag="008">|           ||||||||||||||||||||||</marc:controlfield>
          <marc:datafield tag="245" ind1="1" ind2="0">
            <marc:subfield code="a">Capsanlage für einen Fahrstuhl für die Grube Andreasberger Hoffnung bei St. Andreasberg, 1888</marc:subfield>
          </marc:datafield>
          <marc:datafield tag="655" ind1=" " ind2="7">
            <marc:subfield code="a">Grafik</marc:subfield>
          </marc:datafield>
          <marc:datafield tag="046" ind1=" " ind2=" ">
            <marc:subfield code="k">1888-06</marc:subfield>
            <marc:subfield code="k">Juni 1888</marc:subfield>
          </marc:datafield>
          <marc:datafield tag="260" ind1=" " ind2=" ">
            <marc:subfield code="g">1888-06</marc:subfield>
            <marc:subfield code="g">Juni 1888</marc:subfield>
          </marc:datafield>
          <marc:datafield tag="520" ind1=" " ind2=" ">
            <marc:subfield code="a">Zeichnung - koloriert
Herstellungsort - Königshütte, (Bad) Lauterberg

Auftraggeber und Standort: 
Grube Andreasberger Hoffnung, St. Andreasberg

Anmerkung:
Heute gehört das Bergwerk Andreasberger Hoffnung zum Lehrbergwerk Grube Roter Bär. Das Lehrbergwerk … ist eine vom Sankt Andreasberger Verein für Geschichte und Altertumskunde e.V. (gegründet 1931) getragene, ehrenamtlich betriebene Einrichtung, die sich in Theorie und Praxis mit der Erforschung von Altbergbau befasst. Die seit 1988 tätige Arbeitsgruppe Bergbau hat es sich zum Ziel gesetzt, historisch wertvolle Bergbauanlagen im Umfeld der Bergstadt zu bewahren, zu erforschen und zu dokumentieren.
Das Lehrbergwerk umfasst noch andere Objekte des historischen Sankt Andreasberger Silberbergbaus, der hier um 1520 begann. Im Mittelpunkt der aktiven Forschungsarbeit stehen derzeit die Grube Wennsglückt (seit 1990) und das Bergwerk Andreasberger Hoffnung mit dem 2004 aufgewältigten Beerberger Stollen.
aus:
Lehrbergwerk Grube Roter Bär Sankt Andreasberg - harztourist
www.harztourist.de/.../st.-andreasberg/...grube-roter-baer...andreasberg/4_99_9.html




 (Förderkreis Königshütte Bad Lauterberg e.V.)

Literatur in Zusammenhang:
Beiträge zur Bergbaugeschichte von St. Andreasberg, Band 5 - Das Bergwerk Andreasberger Hoffnung und seine Vorgänger ..., St. Andreasberg 2008 S. 201 ff</marc:subfield>
          </marc:datafield>
          <marc:datafield tag="650" ind1="1" ind2=" ">
            <marc:subfield code="a">Aufzug &lt;Fördermittel&gt;</marc:subfield>
          </marc:datafield>
          <marc:datafield tag="650" ind1="1" ind2=" ">
            <marc:subfield code="a">Grafik, Fotografie &gt; Zeichnung</marc:subfield>
          </marc:datafield>
          <marc:datafield tag="650" ind1="1" ind2=" ">
            <marc:subfield code="a">Bergbau</marc:subfield>
          </marc:datafield>
          <marc:datafield tag="650" ind1="1" ind2=" ">
            <marc:subfield code="a">Sankt Andreasberg (Braunlage, Goslar, Niedersachsen)</marc:subfield>
          </marc:datafield>
          <marc:datafield tag="773" ind1="0" ind2=" ">
            <marc:subfield code="t">Antriebe und Transportanlagen</marc:subfield>
          </marc:datafield>
          <marc:datafield tag="852" ind1=" " ind2=" ">
            <marc:subfield code="a">Industriedenkmal Königshütte Bad Lauterberg im Harz</marc:subfield>
          </marc:datafield>
          <marc:datafield tag="" ind1=" " ind2=" ">
            <marc:subfield code="a">Namensnennung - Nicht kommerziell - Keine Bearbeitungen 4.0 International (CC BY-NC-ND 4.0)</marc:subfield>
          </marc:datafield>
        </marc:record>
      </metadata>
    </record>
  </GetRecord>
</OAI-PMH>
